• 首页
  • 本馆介绍
  • 公告通知
  • 最新文献
  • 馆藏检索
  • 电子资源
  • 读者导购
  • 参考咨询
  • 我的图书馆
  • 登录
  • 详细信息显示
  • 放入我的书架
  • 预约/预借图书
  • 作者相关作品
  • 分类相关作品
  • 丛书相关作品
  • 出版社相关作品

书目信息

  • 表格格式
  • 工作单格式
  • 卡片格式
题名:
中华气功点穴疗法精粹
    
 
作者: 黄孝宽 编著
分册:  
出版信息: 北京   北京体育学院出版社  1988.5
页数: 152页
开本: 19厘米
丛书名:
单 册:
中图分类: R247.4
科图分类:
主题词: 中医学:临床医学
电子资源:
ISBN: 7-81003-118-X
000 00920nam0 2200253 45
001 0189014047
005 20040520111812.7
010    @a7-81003-118-X@dCNY2.10
020    @aCN@b89014047
100    @a19910304d1988 m y0chiy0120 ea
101 0  @achi
102    @aCN@b110000
105    @af z 000yy
106    @ar
200 10 @a中华气功点穴疗法精粹@Azhong hua qi gong dian xue liao fa jing cui@f黄孝宽编著@Fhuang xiao kuan bian zhu
210    @a北京@c北京体育学院出版社@d1988.5
215    @a152页@c图@d19厘米
330    @a本书介绍气功点穴基本知识、练功方法、点穴的手法及手势等,以及适应于气功点穴治疗的四十余种常见病症,气功点穴常用经穴、部位与作用,并简述了气功点穴的验方等。
540 1  @a中华 气功 点穴 疗法@Azhong hua qi gong dian xue liao fa
606 0  @a中医学:临床医学
690    @aR247.4
701  0 @a黄孝宽@Ahuang xiao kuan@4编著
801  0 @aCN@bNLC@c19910304
905    @f1@b260246@dR247.4@e104=3
    
    中华气功点穴疗法精粹/黄孝宽编著.-北京:北京体育学院出版社,1988.5
    152页:图;19厘米
    
    
    ISBN 7-81003-118-X:CNY2.10
    本书介绍气功点穴基本知识、练功方法、点穴的手法及手势等,以及适应于气功点穴治疗的四十余种常见病症,气功点穴常用经穴、部位与作用,并简述了气功点穴的验方等。
●
相关链接 在E读中查询图书 在五车中查询图书 在当当中查询图书 在豆瓣中查询图书


正题名:中华气功点穴疗法精粹     索取号:R247.4/104=3         预约/预借

序号 登录号 条形码 馆藏地/架位号 状态 备注
1 0260245   000709335   第二样本阅览室/ [索取号:R247.4/104=3] 在馆    
2 0260246   000709399   第三借阅区/ [索取号:R247.4/104=3] 在馆    
唐山师范学院图书馆 欢迎您!
大连网信软件有限公司© 版权所有